000 00379nam a2200169Ia 4500
003 0STCL
008 150530s9999 xx 000 0 und d
040 _aSTCL
_cSTCL
100 _aRaveendranath V K
245 _aGadya Madhuri
260 _bPoorna; Calicut
_c1977
_aCalicut
300 _a0
546 _aHindi
942 _2ddc
_cBK
999 _c65140
_d65140
005 20220125171259.0